[Event "Baltic Sea Cup"]
[Site "Ronne"]
[Date "2007.08.04"]
[Round "8.9"]
[White "Lauridsen, Jesper Morch"]
[Black "Hansen, Sune Berg"]
[Result "0-1"]
[WhiteElo "2302"]
[BlackElo "2574"]
[PlyCount "74"]
[EventDate "2007.??.??"]
[EventType "swiss"]
[EventRounds "9"]
[EventCountry "DEN"]
[SourceDate "2005.12.01"]
[WhiteTeam "Denmark"]
[BlackTeam "Denmark"]
[WhiteTeamCountry "DEN"]
[BlackTeamCountry "DEN"]

1. e4 c5 2. Nf3 e6 3. d4 cxd4 4. Nxd4 Nc6 5. Nc3 Qc7 6. f4 a6 7. Nf3 b5 8. Bd3
Bc5 9. Qe2 Bb7 10. e5 f5 11. Be3 Bxe3 12. Qxe3 Nge7 13. O-O O-O 14. a3 Rac8 15.
g4 Na5 16. g5 Ba8 17. Rad1 Qb7 18. Ne2 Nd5 19. Qd2 Nc4 20. Bxc4 Rxc4 21. Ned4
a5 22. Kg2 Rfc8 23. Kg3 Qb6 24. g6 h6 25. h4 b4 26. axb4 Rxb4 27. Ra1 Ne7 28.
b3 Bxf3 29. Nxf3 Nxg6 30. Ne1 Nxf4 31. Rxf4 Qg1+ 32. Qg2 Rc3+ 33. Nd3 Qxa1 34.
Qa8+ Kh7 35. Rxb4 Qg1+ 36. Qg2 Qxg2+ 37. Kxg2 Rxc2+ 0-1

[Event "Baltic Sea Cup"]
[Site "Ronne"]
[Date "2007.08.04"]
[Round "8.10"]
[White "Glud, Jakob Vang"]
[Black "Jorgensen, Jorgen"]
[Result "1-0"]
[WhiteElo "2435"]
[BlackElo "2250"]
[PlyCount "71"]
[EventDate "2007.??.??"]
[EventType "swiss"]
[EventRounds "9"]
[EventCountry "DEN"]
[SourceDate "2005.12.01"]
[WhiteTeam "Denmark"]
[BlackTeam "Denmark"]
[WhiteTeamCountry "DEN"]
[BlackTeamCountry "DEN"]

1. c4 f5 2. g3 Nf6 3. Bg2 g6 4. Nc3 Bg7 5. d3 d6 6. e4 Nc6 7. Nge2 O-O 8. O-O
e5 9. Nd5 Nxd5 10. cxd5 Nd4 11. Nxd4 exd4 12. Qb3 Kh8 13. Qc4 Bd7 14. b4 b5 15.
Qb3 a5 16. bxa5 Rxa5 17. Bd2 Ra7 18. a3 g5 19. f4 gxf4 20. gxf4 fxe4 21. dxe4
c5 22. dxc6 Bxc6 23. Qd3 Rg8 24. Rf3 Bf6 25. Rg3 Qb6 26. Rxg8+ Kxg8 27. Bb4 Rg7
28. Re1 Bb7 29. Kh1 Bh4 30. Rc1 Bf2 31. Qb3+ Kh8 32. Qe6 Be3 33. Bxd6 h6 34.
Qxh6+ Kg8 35. Qe6+ Kh7 36. Rc5 1-0

[Event "Baltic Sea Cup"]
[Site "Ronne"]
[Date "2007.08.04"]
[Round "8"]
[White "Bach, Matthias"]
[Black "Bromann, Thorbjorn"]
[Result "0-1"]
[WhiteElo "2301"]
[BlackElo "2413"]
[PlyCount "90"]
[EventDate "2007.??.??"]
[EventType "swiss"]
[EventRounds "9"]
[EventCountry "DEN"]
[SourceDate "2005.12.01"]
[WhiteTeam "Denmark"]
[BlackTeam "Denmark"]
[WhiteTeamCountry "DEN"]
[BlackTeamCountry "DEN"]

1. d4 d5 2. c4 c6 3. Nf3 Nf6 4. Nc3 a6 5. g3 b5 6. Bg2 bxc4 7. O-O e6 8. b3
cxb3 9. axb3 Nbd7 10. e4 Bb4 11. Na2 Be7 12. e5 Ne4 13. Ne1 f5 14. Qh5+ g6 15.
Qh6 Bf8 16. Qe3 c5 17. Bb2 h5 18. Bxe4 dxe4 19. d5 Bh6 20. Qc3 Qb6 21. Rd1 Bg7
22. f4 c4+ 23. Kh1 e3 24. Nc1 cxb3 25. dxe6 Qxe6 26. Rd6 Qxd6 27. exd6 Bxc3 28.
Bxc3 O-O 29. Nxb3 Bb7+ 30. Kg1 Bd5 31. Nd4 Rfc8 32. Ba5 Rc4 33. Ne2 Rc5 34. Bb4
Rc4 35. Nc3 Rxb4 36. Nxd5 Rd4 37. Nxe3 Rxd6 38. Nf3 Rc8 39. Ng2 Rdc6 40. Ngh4
Kg7 41. Kg2 Rc2+ 42. Kh3 Rc1 43. Rf2 R8c2 44. Nd2 Rd1 45. Nhf3 Nf6 0-1

[Event "Baltic Sea Cup"]
[Site "Ronne"]
[Date "2007.08.04"]
[Round "8.12"]
[White "Salama, Omar"]
[Black "Jayaram, Ashwin"]
[Result "0-1"]
[WhiteElo "2173"]
[BlackElo "2399"]
[PlyCount "178"]
[EventDate "2007.??.??"]
[EventType "swiss"]
[EventRounds "9"]
[EventCountry "DEN"]
[SourceDate "2005.12.01"]
[WhiteTeam "Denmark"]
[BlackTeam "Denmark"]
[WhiteTeamCountry "DEN"]
[BlackTeamCountry "DEN"]

1. d4 Nf6 2. Nf3 g6 3. c4 Bg7 4. Nc3 d5 5. cxd5 Nxd5 6. e4 Nxc3 7. bxc3 c5 8.
Rb1 O-O 9. Be2 b6 10. O-O Bb7 11. Qd3 e6 12. Rd1 Nd7 13. Bg5 Qc7 14. Qe3 Rfe8
15. Bb5 Bc6 16. Bxc6 Qxc6 17. Rd2 Rac8 18. Rbd1 Nf6 19. Bxf6 Bxf6 20. e5 Bg7
21. d5 exd5 22. Rxd5 Qa4 23. R1d2 Rc7 24. Ne1 Rce7 25. f4 g5 26. g3 f6 27. fxg5
Rxe5 28. Rxe5 Rxe5 29. Rd8+ Kf7 30. Qd2 Qe4 31. Rd7+ Re7 32. Rxe7+ Kxe7 33.
gxf6+ Bxf6 34. Nd3 c4 35. Nf4 Be5 36. Qe2 Qxe2 37. Nxe2 Ke6 38. Kf2 b5 39. Ke3
Kd5 40. h3 a5 41. g4 b4 42. cxb4 axb4 43. h4 b3 44. axb3 cxb3 45. Kd3 b2 46.
Kc2 Ke4 47. Nc1 bxc1=Q+ 48. Kxc1 Kf3 49. Kd2 Bg3 50. h5 h6 51. Kd1 Bf4 52. Ke1
Be3 53. Kd1 Kxg4 54. Ke2 Bc5 55. Kf1 Kf3 56. Ke1 Kg2 57. Kd1 Kf2 58. Kd2 Be3+
59. Kd1 Kf1 60. Kc2 Ke2 61. Kc3 Ba7 62. Kc2 Bd4 63. Kc1 Bc3 64. Kc2 Bd2 65. Kb1
Kd3 66. Kb2 Be3 67. Kb1 Kc3 68. Ka2 Kc2 69. Ka1 Bg5 70. Ka2 Bf6 71. Ka3 Kb1 72.
Kb3 Bb2 73. Kc4 Kc2 74. Kb4 Bc1 75. Kc4 Ba3 76. Kd4 Kd2 77. Ke4 Ke2 78. Kf4
Bd6+ 79. Kg4 Kf2 80. Kh3 Bg3 81. Kg4 Kg2 82. Kf5 Kf3 83. Kg6 Bf4 84. Kf5 Be3
85. Ke5 Kg4 86. Ke4 Bb6 87. Kd3 Kxh5 88. Ke2 Kg4 89. Kf1 Kh3 0-1

[Event "Baltic Sea Cup"]
[Site "Ronne"]
[Date "2007.08.04"]
[Round "8.13"]
[White "Zozulia, Anna"]
[Black "Svendsen, Mads Bilde"]
[Result "1-0"]
[WhiteElo "2332"]
[BlackElo "2178"]
[PlyCount "75"]
[EventDate "2007.??.??"]
[EventType "swiss"]
[EventRounds "9"]
[EventCountry "DEN"]
[SourceDate "2005.12.01"]
[WhiteTeam "Denmark"]
[BlackTeam "Denmark"]
[WhiteTeamCountry "DEN"]
[BlackTeamCountry "DEN"]

1. e4 c5 2. Nf3 g6 3. d4 cxd4 4. Nxd4 Nc6 5. Nc3 Bg7 6. Nb3 Nf6 7. Be2 O-O 8.
O-O d6 9. Re1 Be6 10. Bf1 a5 11. a4 Bxb3 12. cxb3 e6 13. Bg5 h6 14. Be3 Nb4 15.
Rc1 Rc8 16. Bb5 d5 17. exd5 Nfxd5 18. Nxd5 Qxd5 19. Rxc8 Rxc8 20. Bc4 Qd8 21.
Qxd8+ Rxd8 22. Bb6 Rd2 23. Bxa5 Bd4 24. Bxb4 Bxf2+ 25. Kf1 Bxe1 26. Kxe1 Rxg2
27. Bd6 Rxb2 28. a5 Ra2 29. b4 Ra1+ 30. Kd2 g5 31. Be5 Ra4 32. Bc3 g4 33. Kc2
h5 34. Kb3 h4 35. Kxa4 g3 36. hxg3 h3 37. Bf1 h2 38. Bg2 1-0

[Event "Baltic Sea Cup"]
[Site "Ronne"]
[Date "2007.08.04"]
[Round "8.14"]
[White "Hartvig, Ove Weiss"]
[Black "Kleiman, Jake"]
[Result "1/2-1/2"]
[WhiteElo "2232"]
[BlackElo "2312"]
[PlyCount "125"]
[EventDate "2007.??.??"]
[EventType "swiss"]
[EventRounds "9"]
[EventCountry "DEN"]
[SourceDate "2005.12.01"]
[WhiteTeam "Denmark"]
[BlackTeam "Denmark"]
[WhiteTeamCountry "DEN"]
[BlackTeamCountry "DEN"]

1. e4 c5 2. Nf3 e6 3. d4 cxd4 4. Nxd4 a6 5. Bd3 Ne7 6. O-O Nbc6 7. Nxc6 Nxc6 8.
Nc3 Be7 9. Be3 b5 10. f4 d6 11. e5 dxe5 12. fxe5 Nxe5 13. Qh5 Qc7 14. Kh1 g6
15. Qh3 f5 16. Bf4 Bf6 17. Rae1 Qg7 18. Bh6 Qc7 19. Bf4 Qg7 20. Bh6 Qd7 21. Ne4
Qe7 22. Nxf6+ Qxf6 23. Be4 Ra7 24. Qc3 Kf7 25. Be3 Rd7 26. Bd4 Rxd4 27. Qxd4
Nc4 28. Qxf6+ Kxf6 29. b3 Ne5 30. Bf3 g5 31. Be2 Bb7 32. Kg1 Rc8 33. Bd3 h5 34.
Re2 Bd5 35. Rfe1 Nxd3 36. cxd3 Rc3 37. Rd2 e5 38. Kf2 g4 39. Rde2 e4 40. dxe4
Bxe4 41. Rd1 Ke5 42. g3 h4 43. gxh4 Rh3 44. Ke1 Rxh4 45. Rd8 Rh6 46. Re8+ Kf4
47. Rf2+ Ke3 48. Re2+ Kd4 49. Rd8+ Kc3 50. Rc8+ Kb4 51. Kd2 Bf3 52. Rf2 Re6 53.
Rf8 Re5 54. Kd3 Be4+ 55. Ke3 a5 56. Rd8 Ka3 57. Kd4 Re7 58. Kc5 b4 59. Rd6 Re5+
60. Kd4 Rb5 61. Kc4 Re5 62. Kd4 Rb5 63. Kc4 1/2-1/2

[Event "Baltic Sea Cup"]
[Site "Ronne"]
[Date "2007.08.04"]
[Round "8.15"]
[White "Carstensen, Jacob"]
[Black "Glibstrup, Michael"]
[Result "1-0"]
[WhiteElo "2304"]
[BlackElo "1969"]
[PlyCount "119"]
[EventDate "2007.??.??"]
[EventType "swiss"]
[EventRounds "9"]
[EventCountry "DEN"]
[SourceDate "2005.12.01"]
[WhiteTeam "Denmark"]
[BlackTeam "Denmark"]
[WhiteTeamCountry "DEN"]
[BlackTeamCountry "DEN"]

1. d4 Nf6 2. Nf3 g6 3. c4 Bg7 4. Nc3 O-O 5. g3 d5 6. Bg2 c6 7. Ne5 dxc4 8. Nxc4
Re8 9. O-O Nbd7 10. e4 Nb6 11. Nxb6 Qxb6 12. e5 Nd7 13. Na4 Qa6 14. Re1 b5 15.
Nc3 Nf8 16. Be3 Bb7 17. Ne4 Ne6 18. Qc2 Rad8 19. Nc5 Nxc5 20. Qxc5 Rd7 21. Rec1
Rc8 22. b4 e6 23. Qc3 Ba8 24. a4 Rdc7 25. Qd3 Bf8 26. axb5 Qb7 27. Rab1 Qb8 28.
bxc6 Bxc6 29. Bxc6 Rxc6 30. Rxc6 Rxc6 31. b5 Rc7 32. d5 exd5 33. Qxd5 Qe8 34.
Bf4 Qd7 35. Qa8 Rc8 36. Qf3 Qf5 37. Qb3 Bc5 38. h4 Bb6 39. Rf1 Rc2 40. Be3 Rc7
41. Bxb6 axb6 42. Re1 Rc2 43. Qe3 Rc5 44. Qe2 Rc2 {=} 45. Qe3 Rc5 46. h5 gxh5
47. Qd4 Rxb5 48. Re3 Qh3 49. Qd8+ Kg7 50. Qg5+ Kf8 51. Re1 Qg4 52. Qd8+ Kg7 53.
Qf6+ Kg8 54. e6 fxe6 55. Qd8+ Kg7 56. Qd7+ Kf6 57. Qxb5 h4 58. Qe5+ Ke7 59.
Qc7+ Kf6 60. Qd8+ 1-0

[Event "Baltic Sea Cup"]
[Site "Ronne"]
[Date "2007.08.04"]
[Round "8.16"]
[White "Kasparova, Tatiana"]
[Black "Hoi, Carsten"]
[Result "0-1"]
[WhiteElo "2217"]
[BlackElo "2422"]
[PlyCount "98"]
[EventDate "2007.??.??"]
[EventType "swiss"]
[EventRounds "9"]
[EventCountry "DEN"]
[SourceDate "2005.12.01"]
[WhiteTeam "Denmark"]
[BlackTeam "Denmark"]
[WhiteTeamCountry "DEN"]
[BlackTeamCountry "DEN"]

1. e4 g6 2. d4 Bg7 3. Nc3 d6 4. h3 Nf6 5. Nge2 O-O 6. g3 e5 7. Be3 Nc6 8. Bg2
Bd7 9. O-O exd4 10. Nxd4 Re8 11. Nxc6 bxc6 12. Qd3 Qc8 13. Kh2 Re5 14. g4 Rb8
15. Bxa7 Rxb2 16. Bd4 Re8 17. g5 Nh5 18. Bxg7 Nxg7 19. Rab1 Rxb1 20. Rxb1 Qd8
21. Qg3 f6 22. h4 Rf8 23. Ne2 fxg5 24. hxg5 Qa8 25. a3 Qa5 26. Qe3 Be6 27. Nd4
Bd7 28. Ne2 Ra8 29. Rb3 Be6 30. Rc3 Bd7 31. Nd4 Qe5+ 32. f4 Qe8 33. e5 d5 34.
Rc5 Ra6 35. Qc3 Qf8 36. Nxc6 Qxf4+ 37. Kg1 Qc1+ 38. Kh2 Qf4+ 39. Kg1 Qxg5 40.
Nb8 Qc1+ 41. Kh2 Rxa3 42. Qxa3 Qxa3 43. Nxd7 Nf5 44. Nf6+ Kf8 45. Nxh7+ Ke7 46.
Rxc7+ Kd8 47. Rb7 Qg3+ 48. Kh1 Qe1+ 49. Kh2 Qxe5+ 0-1

[Event "Baltic Sea Cup"]
[Site "Ronne"]
[Date "2007.08.04"]
[Round "8.17"]
[White "Palm, Nicolaj Lars"]
[Black "Zhao, Parker"]
[Result "0-1"]
[WhiteElo "2308"]
[BlackElo "2180"]
[PlyCount "102"]
[EventDate "2007.??.??"]
[EventType "swiss"]
[EventRounds "9"]
[EventCountry "DEN"]
[SourceDate "2005.12.01"]
[WhiteTeam "Denmark"]
[BlackTeam "Denmark"]
[WhiteTeamCountry "DEN"]
[BlackTeamCountry "DEN"]

1. d4 d5 2. Nf3 c6 3. c4 Nf6 4. cxd5 cxd5 5. Nc3 Nc6 6. Bf4 a6 7. Rc1 Qb6 8.
Na4 Qa5+ 9. Bd2 Qd8 10. a3 e6 11. e3 Bd6 12. Nc5 O-O 13. Bd3 e5 14. dxe5 Nxe5
15. Nxe5 Bxe5 16. Bc3 Bxc3+ 17. Rxc3 d4 18. exd4 b6 19. Nb3 Re8+ 20. Be2 Nd5
21. Rc2 Bf5 22. Rd2 Nf4 23. O-O Rxe2 24. Rxe2 Qd5 25. f3 Nxe2+ 26. Qxe2 Qxb3
27. Re1 Be6 28. Rc1 h6 29. h4 Rd8 30. Rd1 Bc4 31. Qd2 Qb5 32. Qc3 Be6 33. Kh2
Rc8 34. Qe3 Qh5 35. Qf2 Qf5 36. Rd2 Bd5 37. Qe3 Rc2 38. Rxc2 Qxc2 39. b4 Be6
40. Qe5 Qc6 41. Kg3 Bd5 42. Kf2 a5 43. Kg3 axb4 44. axb4 b5 45. Kf2 Be6 46. Kg3
Qd5 47. Qb8+ Kh7 48. Qb6 Kg6 49. Kf2 Kf6 50. Kg3 Ke7 51. Kf2 Bd7 0-1

[Event "Baltic Sea Cup"]
[Site "Ronne"]
[Date "2007.08.04"]
[Round "8.18"]
[White "Hirneise, Tobias"]
[Black "Poulsen, Iver"]
[Result "1-0"]
[WhiteElo "2293"]
[BlackElo "2178"]
[PlyCount "59"]
[EventDate "2007.??.??"]
[EventType "swiss"]
[EventRounds "9"]
[EventCountry "DEN"]
[SourceDate "2005.12.01"]
[WhiteTeam "Denmark"]
[BlackTeam "Denmark"]
[WhiteTeamCountry "DEN"]
[BlackTeamCountry "DEN"]

1. e4 c5 2. Nf3 Nc6 3. d4 cxd4 4. Nxd4 Qc7 5. Nc3 e6 6. Be2 a6 7. Be3 Nf6 8. a3
d6 9. f4 Be7 10. g4 Na5 11. g5 Nd7 12. O-O Nc4 13. Bc1 b5 14. Bf3 Bb7 15. Kh1
Ndb6 16. f5 e5 17. Nde2 f6 18. Bh5+ Kf8 19. gxf6 Bxf6 20. Bf3 Ke7 21. Ng3 Raf8
22. a4 b4 23. Nce2 Qc5 24. c3 a5 25. Qd3 d5 26. b3 dxe4 27. Nxe4 Bxe4 28. Qxe4
Rd8 29. cxb4 axb4 30. Qc2 1-0

[Event "Baltic Sea Cup"]
[Site "Ronne"]
[Date "2007.08.04"]
[Round "8.21"]
[White "Wiwe, Andreas"]
[Black "Baekgaard, Martin"]
[Result "1-0"]
[WhiteElo "2187"]
[BlackElo "2272"]
[PlyCount "41"]
[EventDate "2007.??.??"]
[EventType "swiss"]
[EventRounds "9"]
[EventCountry "DEN"]
[SourceDate "2005.12.01"]
[WhiteTeam "Denmark"]
[BlackTeam "Denmark"]
[WhiteTeamCountry "DEN"]
[BlackTeamCountry "DEN"]

1. e4 d6 2. d4 Nf6 3. Nc3 e5 4. dxe5 dxe5 5. Qxd8+ Kxd8 6. Bg5 Be6 7. O-O-O+
Nbd7 8. f4 exf4 9. Nf3 h6 10. Bxf4 g5 11. Be5 Be7 12. Nb5 Kc8 13. Rxd7 Kxd7 14.
Nxc7 Rad8 15. Nxe6 fxe6 16. Bb5+ Kc8 17. Bc4 Rhe8 18. Bxe6+ Nd7 19. Rd1 h5 20.
g4 Rf8 21. Rd3 1-0

[Event "Baltic Sea Cup"]
[Site "Ronne"]
[Date "2007.08.04"]
[Round "8.22"]
[White "Ostergaard, Jens"]
[Black "Radil, Casper"]
[Result "1-0"]
[WhiteElo "2256"]
[BlackElo "2107"]
[PlyCount "85"]
[EventDate "2007.??.??"]
[EventType "swiss"]
[EventRounds "9"]
[EventCountry "DEN"]
[SourceDate "2005.12.01"]
[WhiteTeam "Denmark"]
[BlackTeam "Denmark"]
[WhiteTeamCountry "DEN"]
[BlackTeamCountry "DEN"]

1. d4 d5 2. Nf3 Nf6 3. c4 e6 4. Nc3 Nbd7 5. Bg5 c6 6. cxd5 exd5 7. e3 Be7 8.
Bd3 O-O 9. Qc2 Re8 10. O-O-O a5 11. h3 Nf8 12. Ne5 Ne4 13. Nxe4 dxe4 14. Bc4
Be6 15. Bxe6 Nxe6 16. Bxe7 Rxe7 17. Qxe4 Nc7 18. Qf3 Qd6 19. Kb1 a4 20. Nc4
Qg6+ 21. Ka1 a3 22. Nxa3 Nd5 23. Rhe1 Nb4 24. Qg4 Qd6 25. Qf5 b6 26. d5 Re5 27.
Qg4 cxd5 28. Rd4 h5 29. Qd1 Qc5 30. Rd2 Nc6 31. Qc1 Qd6 32. Rd3 Qe6 33. Red1
Ra5 34. Rb3 Ne7 35. Nb5 Re4 36. Nd4 Qd7 37. a3 Nc8 38. Qc2 Re8 39. Qc6 Qxc6 40.
Nxc6 Rc5 41. Nb4 Ne7 42. Rbd3 Rec8 43. Kb1 1-0

[Event "Baltic Sea Cup"]
[Site "Ronne"]
[Date "2007.08.04"]
[Round "8.23"]
[White "Aabling Thomsen, Jakob"]
[Black "Skjoldager, Nicklas"]
[Result "1-0"]
[WhiteElo "2242"]
[BlackElo "2077"]
[PlyCount "53"]
[EventDate "2007.??.??"]
[EventType "swiss"]
[EventRounds "9"]
[EventCountry "DEN"]
[SourceDate "2005.12.01"]
[WhiteTeam "Denmark"]
[BlackTeam "Denmark"]
[WhiteTeamCountry "DEN"]
[BlackTeamCountry "DEN"]

1. e4 d5 2. exd5 Qxd5 3. Nc3 Qa5 4. d4 Nf6 5. Bc4 Bf5 6. Bd2 c6 7. Nd5 Qd8 8.
Nxf6+ gxf6 9. c3 e6 10. Ne2 Qc7 11. Ng3 Bg6 12. Qf3 Nd7 13. O-O h5 14. h4 Bd6
15. b4 O-O-O 16. a4 Rdg8 17. b5 Rg7 18. Rfc1 c5 19. Bf1 f5 20. a5 Qb8 21. b6 a6
22. Ra4 Nf6 23. dxc5 Bxg3 24. fxg3 Ne4 25. Rxe4 fxe4 26. Qf6 Qxg3 27. Bf4 1-0

[Event "Baltic Sea Cup"]
[Site "Ronne"]
[Date "2007.08.04"]
[Round "8.25"]
[White "Carlstedt, Jonathan"]
[Black "Petersen, Steen Brustrup"]
[Result "1-0"]
[WhiteElo "2083"]
[BlackElo "2165"]
[PlyCount "93"]
[EventDate "2007.??.??"]
[EventType "swiss"]
[EventRounds "9"]
[EventCountry "DEN"]
[SourceDate "2005.12.01"]
[WhiteTeam "Denmark"]
[BlackTeam "Denmark"]
[WhiteTeamCountry "DEN"]
[BlackTeamCountry "DEN"]

1. c4 e5 2. d3 Nf6 3. Nf3 Nc6 4. g3 d5 5. cxd5 Nxd5 6. Bg2 Be7 7. Nc3 Nb6 8.
O-O O-O 9. a3 Be6 10. b4 a6 11. Bb2 f5 12. Rc1 Bf6 13. e4 Qe8 14. exf5 Bxf5 15.
Ne4 Bxe4 16. dxe4 Rd8 17. Qb3+ Qf7 18. Qxf7+ Kxf7 19. Rfd1 Ke7 20. Bf1 Rxd1 21.
Rxd1 Rd8 22. Rxd8 Kxd8 23. g4 g6 24. g5 Bg7 25. h4 Ke7 26. h5 gxh5 27. Nh4 Bf8
28. Kh2 Kf7 29. Be2 Be7 30. Bc1 Kf8 31. Nf5 Bd8 32. Bxh5 Ne7 33. Kg3 Ng6 34.
Be2 Kf7 35. Kg4 Nf8 36. Nh4 Ne6 37. Nf3 Nd4 38. Nxd4 exd4 39. Bb2 Be7 40. Bxd4
a5 41. Bxb6 cxb6 42. bxa5 Bxa3 43. axb6 Bc5 44. f4 Bxb6 45. Kh5 Be3 46. f5 Bd2
47. e5 1-0

[Event "Baltic Sea Cup"]
[Site "Ronne"]
[Date "2007.08.04"]
[Round "8.26"]
[White "Pedersen, Martin Rosenkilde"]
[Black "Schmitz, Manuela"]
[Result "1/2-1/2"]
[WhiteElo "2163"]
[BlackElo "2031"]
[PlyCount "82"]
[EventDate "2007.??.??"]
[EventType "swiss"]
[EventRounds "9"]
[EventCountry "DEN"]
[SourceDate "2005.12.01"]
[WhiteTeam "Denmark"]
[BlackTeam "Denmark"]
[WhiteTeamCountry "DEN"]
[BlackTeamCountry "DEN"]

1. e4 e6 2. d4 d5 3. Nc3 Bb4 4. Nge2 dxe4 5. a3 Bxc3+ 6. Nxc3 Nc6 7. Bb5 Nge7
8. Bg5 f6 9. Be3 O-O 10. Qd2 f5 11. f3 a6 12. Bxc6 Nxc6 13. fxe4 Qh4+ 14. g3
Qh5 15. e5 Na5 16. b3 b6 17. Qe2 Qf7 18. O-O-O b5 19. Na2 Qe7 20. Kb2 Rb8 21.
Qd2 Nc6 22. Rhe1 Qd7 23. d5 Ne7 24. dxe6 Qxd2 25. Rxd2 Bxe6 26. Bc5 Rfe8 27.
Nb4 Ra8 28. Bxe7 Rxe7 29. Nc6 Ree8 30. b4 Rf8 31. Kc3 f4 32. gxf4 Rxf4 33. Kb2
Raf8 34. Red1 h6 35. Rg2 Re8 36. Nd8 Rff8 37. Nc6 Rf7 38. Re2 Bd7 39. Nd4 Be6
40. Nb3 Bxb3 41. Kxb3 Rd7 1/2-1/2

[Event "Baltic Sea Cup"]
[Site "Ronne"]
[Date "2007.08.04"]
[Round "8.27"]
[White "Holm, Ragnar"]
[Black "Tallaksen, Levi Andre"]
[Result "1/2-1/2"]
[WhiteElo "2153"]
[BlackElo "2037"]
[PlyCount "47"]
[EventDate "2007.??.??"]
[EventType "swiss"]
[EventRounds "9"]
[EventCountry "DEN"]
[SourceDate "2005.12.01"]
[WhiteTeam "Denmark"]
[BlackTeam "Denmark"]
[WhiteTeamCountry "DEN"]
[BlackTeamCountry "DEN"]

1. c4 Nf6 2. Nc3 e6 3. e4 d5 4. e5 d4 5. exf6 dxc3 6. bxc3 Qxf6 7. d4 b6 8. Nf3
Bb7 9. Bd3 Bd6 10. Bg5 Bxf3 11. Qd2 Bf4 12. Bxf4 Bxg2 13. Rg1 Bb7 14. Be5 Qh4
15. Rxg7 Nc6 16. Bg3 Qf6 17. Qg5 Qxg5 18. Rxg5 O-O-O 19. Rg7 Rd7 20. Bxh7 f5
21. Rg8+ Rd8 22. Rg7 Rd7 23. Rg8+ Rd8 24. Rg7 1/2-1/2

[Event "Baltic Sea Cup"]
[Site "Ronne"]
[Date "2007.08.04"]
[Round "8.28"]
[White "Christensen, Janus"]
[Black "Borup, Mads"]
[Result "1-0"]
[WhiteElo "2137"]
[BlackElo "1996"]
[PlyCount "55"]
[EventDate "2007.??.??"]
[EventType "swiss"]
[EventRounds "9"]
[EventCountry "DEN"]
[SourceDate "2005.12.01"]
[WhiteTeam "Denmark"]
[BlackTeam "Denmark"]
[WhiteTeamCountry "DEN"]
[BlackTeamCountry "DEN"]

1. e4 e6 2. d4 d5 3. e5 c5 4. c3 Qb6 5. Nf3 Nc6 6. a3 Bd7 7. b4 cxb4 8. cxb4
Nh6 9. Nc3 Nf5 10. Na4 Qc7 11. Bb2 a6 12. Rc1 b5 13. Nc5 Bxc5 14. Rxc5 Qb6 15.
Bd3 O-O 16. O-O Rac8 17. Bxf5 exf5 18. Rxd5 Be6 19. Rc5 Bc4 20. Re1 Ne7 21. Qd2
Rxc5 22. dxc5 Qc7 23. Qd6 Qb7 24. Nd4 Rc8 25. e6 fxe6 26. Nxe6 Nc6 27. Nxg7 Rd8
28. Qg3 1-0

[Event "Baltic Sea Cup"]
[Site "Ronne"]
[Date "2007.08.04"]
[Round "8.29"]
[White "Johansen, Johnny Holler"]
[Black "Stovring, Claus"]
[Result "0-1"]
[WhiteElo "2058"]
[BlackElo "2089"]
[PlyCount "60"]
[EventDate "2007.??.??"]
[EventType "swiss"]
[EventRounds "9"]
[EventCountry "DEN"]
[SourceDate "2005.12.01"]
[WhiteTeam "Denmark"]
[BlackTeam "Denmark"]
[WhiteTeamCountry "DEN"]
[BlackTeamCountry "DEN"]

1. e4 d6 2. d4 Nf6 3. Nc3 g6 4. f4 Bg7 5. Nf3 O-O 6. Bd3 c5 7. d5 Qb6 8. Qe2 e6
9. a4 exd5 10. e5 Re8 11. Bb5 Bd7 12. O-O Nc6 13. a5 Qd8 14. Bxc6 Bxc6 15. Qd1
dxe5 16. fxe5 Ne4 17. Bf4 d4 18. Nxe4 Bxe4 19. Ng5 Bd5 20. Ra3 Bxe5 21. Bxe5
Qxg5 22. Bg3 h5 23. Rf2 Re4 24. Re2 Rae8 25. Rxe4 Rxe4 26. Rf3 h4 27. Bd6 Rg4
28. Qe2 Qd8 29. Be7 Qd7 30. Rf2 Re4 0-1

[Event "Baltic Sea Cup"]
[Site "Ronne"]
[Date "2007.08.04"]
[Round "8.30"]
[White "Frisk, Hans"]
[Black "Schmitz, Andreas Arnold"]
[Result "0-1"]
[WhiteElo "2028"]
[BlackElo "2081"]
[PlyCount "50"]
[EventDate "2007.??.??"]
[EventType "swiss"]
[EventRounds "9"]
[EventCountry "DEN"]
[SourceDate "2005.12.01"]
[WhiteTeam "Denmark"]
[BlackTeam "Denmark"]
[WhiteTeamCountry "DEN"]
[BlackTeamCountry "DEN"]

1. Nc3 d5 2. e4 d4 3. Nce2 c5 4. Ng3 e5 5. Nf3 Qc7 6. Bc4 Nc6 7. d3 h6 8. h4
Bd6 9. h5 Nge7 10. Nh4 Na5 11. Bb5+ Nac6 12. Nhf5 Bxf5 13. Nxf5 Nxf5 14. exf5
Qa5+ 15. Bd2 Qxb5 16. Qg4 Qxb2 17. Rc1 Qxa2 18. Qxg7 O-O-O 19. Bxh6 Rdg8 20.
Qxh8 Rxh8 21. Bg7 Qa5+ 22. Ke2 Rh7 23. h6 Qd8 24. f6 e4 25. Rh4 Be5 0-1

[Event "Baltic Sea Cup"]
[Site "Ronne"]
[Date "2007.08.04"]
[Round "8.31"]
[White "Andersen, Lars Ren"]
[Black "Glibstrup, Jakob"]
[Result "1-0"]
[WhiteElo "2081"]
[BlackElo "1939"]
[PlyCount "101"]
[EventDate "2007.??.??"]
[EventType "swiss"]
[EventRounds "9"]
[EventCountry "DEN"]
[SourceDate "2005.12.01"]
[WhiteTeam "Denmark"]
[BlackTeam "Denmark"]
[WhiteTeamCountry "DEN"]
[BlackTeamCountry "DEN"]

1. d4 Nf6 2. c4 g6 3. Nc3 Bg7 4. e4 d6 5. f3 O-O 6. Be3 e5 7. Nge2 Nh5 8. d5 c6
9. Qd2 cxd5 10. cxd5 f5 11. O-O-O a6 12. Kb1 Nd7 13. Nc1 Nc5 14. Nd3 b6 15. Nb4
Bd7 16. Nc6 Qc7 17. b4 Nb7 18. Rc1 Bxc6 19. dxc6 Qxc6 20. Nd5 Qe8 21. Bc4 Kh8
22. Nc7 Qe7 23. Nxa8 Rxa8 24. Bxb6 Nf6 25. Bd5 Ne8 26. Rc2 Rb8 27. Rhc1 Qd7 28.
Bc6 Qe7 29. Bxe8 Qxe8 30. Qd5 Nd8 31. Qxd6 Ne6 32. Qxb8 Qxb8 33. Rc8+ Qxc8 34.
Rxc8+ Nf8 35. Bc5 Kg8 36. Kc2 Kf7 37. Rxf8+ Bxf8 38. Bxf8 Kxf8 39. Kc3 Ke7 40.
Kc4 Kd6 41. a4 Kc6 42. b5+ axb5+ 43. axb5+ Kb6 44. Kd5 Kxb5 45. Kxe5 fxe4 46.
fxe4 Kc5 47. Ke6 Kd4 48. e5 Ke3 49. Kf6 Kf2 50. g4 Kg2 51. g5 1-0

[Event "Baltic Sea Cup"]
[Site "Ronne"]
[Date "2007.08.04"]
[Round "8.32"]
[White "Rasmussen, Morten"]
[Black "Hansen, Lars Henrik Bech"]
[Result "1/2-1/2"]
[WhiteElo "1979"]
[BlackElo "2070"]
[PlyCount "44"]
[EventDate "2007.??.??"]
[EventType "swiss"]
[EventRounds "9"]
[EventCountry "DEN"]
[SourceDate "2005.12.01"]
[WhiteTeam "Denmark"]
[BlackTeam "Denmark"]
[WhiteTeamCountry "DEN"]
[BlackTeamCountry "DEN"]

1. d4 g6 2. Nf3 Nf6 3. c3 Bg7 4. Bg5 d6 5. Nbd2 Nbd7 6. e4 O-O 7. Bd3 e5 8. O-O
c5 9. dxe5 Nxe5 10. Nxe5 dxe5 11. Nc4 Qc7 12. Re1 Rd8 13. Qc2 Be6 14. Ne3 c4
15. Bf1 Qc6 16. h3 h6 17. Bh4 g5 18. Bg3 b5 19. b3 cxb3 20. axb3 Rac8 21. c4
Bf8 22. Red1 bxc4 1/2-1/2

[Event "Baltic Sea Cup"]
[Site "Ronne"]
[Date "2007.08.04"]
[Round "8.33"]
[White "Ertbjerg, Andreas Lund"]
[Black "Lillelokken, Kjell Arne"]
[Result "1/2-1/2"]
[WhiteElo "2069"]
[BlackElo "1898"]
[PlyCount "61"]
[EventDate "2007.??.??"]
[EventType "swiss"]
[EventRounds "9"]
[EventCountry "DEN"]
[SourceDate "2005.12.01"]
[WhiteTeam "Denmark"]
[BlackTeam "Denmark"]
[WhiteTeamCountry "DEN"]
[BlackTeamCountry "DEN"]

1. e4 e6 2. d3 d5 3. Nd2 f5 4. exf5 exf5 5. g3 Nf6 6. Bg2 c5 7. Ne2 Bd6 8. Nf3
Qb6 9. d4 Nc6 10. O-O Bd7 11. Bf4 Bxf4 12. Nxf4 Nxd4 13. Re1+ Kd8 14. Nxd4 cxd4
15. Nxd5 Nxd5 16. Bxd5 Kc7 17. c3 Rae8 18. Qxd4 Qxd4 19. cxd4 Kd6 20. Bg2 b6
21. f4 Rxe1+ 22. Rxe1 Rc8 23. Re2 Bb5 24. Rd2 Rc1+ 25. Kf2 Bc4 26. b3 Bd5 27.
Bxd5 Kxd5 28. Kg2 a5 29. Kh3 Rc6 30. Kh4 Ke4 31. d5 1/2-1/2